000 00466nam a2200181Ia 4500
008 100917s9999 xx 000 0 und d
082 _b45286
100 _aचिखले सुरेश
245 _aझुंबर
260 _bनम्रता मुळे
_c1981
300 _a115
365 _b18
520 _aकादंबरी
630 _aझुंबर
650 _aकादंबरी
730 _aझुंबर
942 _cBOOK
999 _c650680
_d650677